Statistics for Countries of the World Shape Chain Game #4

Click here to take the quiz!

General Stats

  • This quiz has been taken 909 times
  • The average score is 7 of 12

Answer Stats

Hint Answer % Correct
HTML tutorial Russia
100%
HTML tutorial Madagascar
92%
HTML tutorial Thailand
91%
HTML tutorial Moldova
57%
HTML tutorial Norway
56%
HTML tutorial Indonesia
56%
HTML tutorial Portugal
56%
HTML tutorial Chile
44%
HTML tutorial Nigeria
44%
HTML tutorial Denmark
24%
HTML tutorial Singapore
24%
Slovakia
22%

Score Distribution

Percentile by Number Answered

Percent of People with Each Score

Your Score History

You have not taken this quiz